[Event "Dos Hermanas"]
[Site "Dos Hermanas"]
[Date "1995.??.??"]
[Round "4"]
[White "Lautier, Joel"]
[Black "Karpov, Anatoly"]
[Result "0-1"]
[WhiteElo "2655"]
[BlackElo "2780"]
[Annotator "Ftacnik,L"]
[PlyCount "60"]
[EventDate "1995.04.??"]
[EventType "tourn"]
[EventRounds "9"]
[EventCountry "ESP"]
[EventCategory "18"]
[SourceTitle "CBM 047"]
[Source "ChessBase"]
[SourceDate "1995.08.01"]
[SourceVersion "1"]
[SourceVersionDate "1995.08.01"]
[SourceQuality "1"]

1. d4 {Kortschnoj} Nf6 2. c4 e6 3. g3 d5 4. Bg2 Be7 5. Nf3 O-O 6. O-O dxc4 7.
Nc3 Nc6 8. e3 Bd6 (8... Na5 $5 9. e4 $1 $8 c6 (9... c5 10. d5 exd5 11. e5 Nd7
12. Nxd5 Nc6 13. Nxe7+ Qxe7 14. Re1 Nb6 15. Bg5 Qe6 16. Qd6 Nb4 17. Re2 Nd3 18.
Be3 Qxd6 19. exd6 Bf5 20. Nh4 Bg4 21. Rd2 Rad8 22. Bf1 Nd7 23. b3 N3e5 24. f4 {
Sorokin,M-Galdunts,S/URS-chJ Kherson/1991/0.5 (62)}) 10. Qc2 b5 11. Rd1 Bb7 12.
Bg5 $1 h6 13. e5 $1 Nd7 14. Bxe7 Qxe7 15. Qd2 $1 b4 16. Ne4 Ba6 17. Nc5 $1 c3
18. bxc3 Nc4 19. Qe1 Nxc5 20. dxc5 Qxc5 21. cxb4 Qb6 22. Qc3 $1 $16 {Gulko,
B-Gelfand,B/Amsterdam II/1988/1-0 (67)}) (8... Nd5 9. Qe2 Nb6 10. Rd1 Bd6 11.
e4 Qe8 12. e5 Be7 13. Ne4 Nb4 14. Bg5 N4d5 15. h4 Bd7 16. Bxe7 Qxe7 17. h5 h6
18. Nh2 Ba4 19. Rdc1 Rad8 20. Ng4 Bc6 21. Qd2 Nd7 22. Rxc4 f5 23. exf6 N5xf6
24. Ngxf6+ {Ulibin,M-Sulskis,S/Moscow olm (07) RUS-2 LTU/1994/0.5 (54)}) (8...
Rb8 9. Qa4 Nb4 (9... Bd7 10. Qxc4 b5 11. Qd3 $1 b4 12. Ne4 Nxe4 13. Qxe4 Na5
14. Bd2 $6 c5 15. dxc5 Bxc5 16. Rfd1 Bc6 17. Qc2 Qe7 18. Rac1 Bd6 19. Be1 Rb6
20. Nd2 $6 Bxg2 21. Kxg2 Rc6 22. Qd3 Qb7 23. Qe4 Rfc8 24. Rxc6 {Tukmakov,
V-Beliavsky,A/Moskva GMA/1990/0.5 (35)}) 10. Qxa7 Bd7 11. Ne5 Nfd5 12. Qxb8
Qxb8 13. Nxd7 Qa7 14. Nxf8 Bxf8 15. Nxd5 exd5 16. Bd2 c6 17. a3 Nd3 18. Bc3 b5
(18... g6 19. Rfd1 Qa4 20. Bf1 b5 21. Bxd3 cxd3 22. Rac1 Qc4 23. Bb4 Qb3 24.
Bxf8 {Mochalov,E-Berzinsh,R/Sala op (08)/1993/1-0 (51)}) 19. Rfd1 h5 20. Bf1
Qd7 21. Bxd3 cxd3 22. Rxd3 Qf5 23. Rad1 h4 24. gxh4 {Mochalov,E-Brumen,D/
Budapest Spring op (07)/1994/0.5 (62)}) 9. Nd2 {TN} (9. Qa4 e5 10. d5 Nb4 11.
Nxe5 a6 12. Nf3 Bf5 13. Nd4 Bd3 14. Re1 Bc5 15. e4 Nbxd5 16. Nf5 Nxc3 17. bxc3
Ng4 18. Ne3 Nxf2 19. e5 b5 20. Qa5 Ng4 21. Kh1 Nxe5 22. Ba3 Bxa3 23. Qxa3 c6
24. Nf5 {Lautier,J-Kortschnoj,V/Moscow olm (10) FRA-SUI/1994/0-1 (33)}) 9... e5
10. Nxc4 (10. Bxc6 $6 exd4 11. exd4 bxc6 12. Nxc4 Bg4 $17) 10... exd4 11. exd4
Bg4 12. Qb3 (12. f3 Be6 13. Nxd6 Qxd6 14. Bf4 Qd7 $15) (12. Bf3 Bxf3 13. Qxf3
Nxd4 14. Qxb7 Rb8 15. Qxa7 Bb4 $36) (12. Qd3 Bc5 $1) 12... Nxd4 13. Qxb7 Bf3 $5
(13... Rb8 {Kortschnoj} 14. Qxa7 Ne2+ 15. Kh1 Nxc3 16. Nxd6 $14) 14. Qa6 $2 (
14. Bxf3 Rb8 15. Qxa7 Nxf3+ 16. Kg2 Qd7 (16... Ra8 17. Qb7 Nd4 18. Nxd6 Qxd6
19. Bf4 Qb6 20. Qxb6 cxb6 21. Be5 $16) (16... Bb4 17. Rd1 (17. Bf4 Bxc3 18.
bxc3 Qd5 19. Ne3 Qe4 $40) 17... Qc8 18. Kxf3 Qg4+ (18... Bxc3 19. Kg2 Ra8 20.
Qe3 Bb4 $13) 19. Kg2 Qxc4 20. Qa4 Ne4 21. Nxe4 Qxe4+ 22. Kg1 $14) 17. Nxd6 (17.
Qa4 Nh4+ 18. Kg1 Qh3 19. Qc6 Ng4 $19) 17... Qc6 $1 18. Nde4 Nxe4 19. Qa4 Qxa4
20. Nxa4 Nd4 $44) 14... Bb4 15. Be3 (15. Bxf3 Nxf3+ 16. Kg2 Bxc3 17. bxc3 Qd3
$1 $17) 15... Bxg2 (15... Bxc3 16. Bxd4 (16. bxc3 Ne2+ 17. Kh1 Qd5 $19) 16...
Bxg2 17. Bxf6 Bxf6 18. Kxg2 Qd5+ $15) 16. Rfd1 $1 (16. Kxg2 Bxc3 17. bxc3 Qd5+
18. f3 Nc2 19. Rad1 Qxc4 $1 $19) 16... c5 (16... Bxc3 17. bxc3 Ne2+ 18. Kxg2
Qe7 $13) 17. Bxd4 (17. Kxg2 Bxc3 18. bxc3 Qd5+ 19. Kh3 Qh5+ 20. Kg2 Qf3+ 21.
Kh3 Nc2 $17) 17... cxd4 18. Kxg2 Rc8 (18... Bxc3 $5 19. bxc3 Qd5+ 20. Kg1 (20.
f3 Rfe8 21. Rd2 Re6 $17) 20... Qf3 21. Rxd4 (21. cxd4 Ne4 22. Ne5 Qxf2+ 23. Kh1
Rac8 $40) 21... Ne4 22. Rf1 Nxc3 $17) 19. Kg1 Re8 20. Rac1 (20. Qb5 {!?
Kortschnoj} Bxc3 21. bxc3 d3 $17) 20... Qd7 21. Nb5 (21. Qb5 Qh3 22. Rxd4 (22.
Qxb4 Ng4 $19) 22... Ng4 23. Rxg4 Qxg4 24. Qxb4 Rxc4 $19) 21... d3 (21... Qh3 $5
22. Nxd4 Ng4 23. Nf3 Nxf2 $1) 22. Ne3 (22. Nc3 $2 Re6 23. Qb5 Qxb5 24. Nxb5 a6
(24... d2 25. Nxd2 Rxc1 26. Rxc1 Bxd2 27. Rc8+ Re8 28. Rxe8+ Nxe8 29. Nxa7 $17)
25. Nba3 d2 $19) 22... Rxc1 23. Rxc1 d2 24. Rd1 Nd5 25. Qa4 (25. Nd4 Rxe3 $1
26. fxe3 Nxe3 $19) 25... a6 $1 (25... Nxe3 26. fxe3 Bc5 27. Nc3 Bxe3+ 28. Kg2
Qb7+ 29. Kh3 Re6 $19) 26. Qxa6 (26. Nxd5 Re1+ 27. Kg2 Qxd5+ $19) 26... Nxe3 27.
fxe3 Qd3 28. Qc6 (28. Nc7 Qxe3+ 29. Kg2 Qe2+ 30. Qxe2 Rxe2+ 31. Kf3 Re1 $19) (
28. Qb6 Rxe3 29. Qb8+ Bf8 $19) 28... Qxe3+ 29. Kg2 Qe2+ 30. Kh3 Qh5+ (30...
Qh5+ 31. Kg2 Re2+ 32. Kf1 Re1+ 33. Kg2 Qxd1 34. Qa8+ Bf8 $19) 0-1

[Event "EU-Cup 25th"]
[Site "Ohrid"]
[Date "2009.10.08"]
[Round "5.1"]
[White "Aronian, Levon"]
[Black "Alekseev, Evgeny V"]
[Result "1-0"]
[WhiteElo "2773"]
[BlackElo "2725"]
[Annotator "Ftacnik,L"]
[PlyCount "75"]
[EventDate "2009.10.04"]
[EventType "team-swiss"]
[EventRounds "7"]
[EventCountry "MKD"]
[SourceTitle "CBM 133"]
[Source "ChessBase"]
[SourceDate "2009.11.19"]
[SourceVersion "1"]
[SourceVersionDate "2009.11.19"]
[SourceQuality "1"]
[WhiteTeam "Yerevan Mika"]
[BlackTeam "Saratov Economist"]
[WhiteTeamCountry "ARM"]
[BlackTeamCountry "RUS"]

1. c4 e6 2. g3 d5 3. Bg2 Nf6 4. Nf3 Be7 5. O-O O-O 6. d4 dxc4 7. Qc2 a6 8. a4
Bd7 9. Qxc4 Bc6 10. Bg5 a5 11. Nc3 Na6 12. Bxf6 {Getting any advantage against
a well prepared Catalan defender is fiendlishly difficult. Aronian chooses an
older line, that unfortunately requires the surrender of one of the strong
white bishops.} Bxf6 13. e4 Nb4 14. Rfd1 g6 15. h4 {It is useful to know about
the most promising plans in opening lines. White trusts this idea, that can
claim a proud 100% score.} (15. Rac1 Re8 (15... Rc8 16. Ne1 Bg7 17. Nc2 Nxc2
18. Rxc2 Qe7 19. b3 Rfd8 20. Rcd2 Be8 $14) (15... Bg7 16. d5 exd5 17. exd5 Bd7
18. Nd4 Qc8 19. b3 c6 20. d6 Bg4 21. Rd2 Qd7 22. Ne4 Nd5 23. Nc5 Qxd6 24. Nxb7
$16 {1/2-1/2 Gelfand,B (2701)-Svidler,P (2686)/Moscow 2001 (92)}) 16. d5 exd5
17. exd5 Bd7 18. Nd4 Rc8 $2 (18... Be5 $1 19. Ncb5 Rc8 20. Nc6 bxc6 21. dxc6
Be6 $5 22. Rxd8 Rcxd8 23. Qe2 Bb3 $44) 19. Ne4 $1 Be5 20. Nc5 b6 21. Nc6 $1 (
21. Nde6 Qe7 22. Nxd7 Qxd7 23. Bh3 Qe7) 21... Bxc6 22. dxc6 bxc5 $1 (22... Qe7
23. Rd7 Qf8 24. Ne4 Bxb2 25. Rcd1 $16) 23. Rxd8 Rcxd8 24. Re1 $1 {1/2-1/2
Gelfand,B (2681)-Anand,V (2762)/Shenyang 2000 (38)}) 15... Bg7 (15... Rc8 16.
Rd2 Bg7 17. Rad1 Qe7 18. Ng5 h6 19. Nf3 b6 20. d5 Bd7 21. Nd4 exd5 22. exd5 Bg4
23. Nc6 Nxc6 24. Qxg4 Ne5 25. Qe2 $14 {1-0 Lputian,S (2605)-Polgar,J (2658)/
Wijk aan Zee 2000 (60)}) (15... h6 16. Rac1 Rc8 17. Nh2 Bg7 18. Nb5 Bxb5 19.
Qxb5 b6 20. h5 c6 21. Qe2 g5 22. e5 Qe7 23. Ng4 $16 {1-0 Nielsen,P (2578)
-Lobzhanidze,D (2493)/Bergen 2000 (51)}) 16. h5 b6 {Alekseev will go down in a
difficult manner, so any possible improvement on this is worth looking into.
The provocative grab of the h-pawn could become dangerous, even though White
would have a difficult task to prove it.} (16... gxh5 $5 17. Rd2 b6 18. Rad1
Bb7 $13) 17. hxg6 hxg6 18. Nh2 Qd7 19. e5 $1 {Aronian understands the
necessity to exchange light-squared bishops and limit the scope of the
dark-squared one.} (19. d5 $6 exd5 20. exd5 Bb7 $15) 19... Bxg2 $6 (19... Bd5
$5 20. Nxd5 exd5 21. Qe2 Rae8 22. f4 f6 $11) 20. Kxg2 c5 $2 {Black is geared
up for generating counterplay. Unfortunately his solution falls short of the
objectively best idea as White will transfer the queen to h4 and realise his
coveted kingside attack.} (20... Rad8 21. Ng4 f5 22. exf6 Bxf6 23. Rac1 Bg7 $14
) 21. dxc5 Qc6+ 22. Nf3 Rfd8 (22... Qxc5 $2 23. Qh4 Qc6 24. Ne4 Nd5 25. Nf6+
Bxf6 26. exf6 $18) 23. Qh4 Rd3 {This should have been the crowning move in
Black's counterplay. In a slightly paradoxical way the knight move into the
enemy camp would have been more resilient.} (23... Nd3 $5 24. Ne4 bxc5 25. Rac1
$1 Qb6 (25... Nxc1 26. Rxd8+ Rxd8 27. Qxd8+ Bf8 28. Nf6+ Kg7 29. Nd7 $18) 26.
Nf6+ Kf8 27. Ng5 Qb7+ 28. Kf1 Ke7 29. Nfe4 Kf8 30. Rxd3 Rxd3 31. Nxc5 Qd5 32.
Qf4 Rd1+ 33. Ke2 $18) 24. Ne4 $1 bxc5 25. Rac1 Kf8 {In an act of silent
desperation Black is admitting that his concept has failed. Objectively better
was to suffer after the exchange of the rooks.} (25... Rxd1 26. Rxd1 Nd5 27.
Nf6+ Kf8 28. Rc1 Rd8 29. Ne4 $16) 26. Rxc5 Rxd1 (26... Qxc5 27. Nxc5 Rxd1 28.
Ng5 Ra7 29. Nh7+ Ke8 30. Nf6+ Ke7 31. Nce4 $18) 27. Rxc6 Nxc6 28. Nf6 {[%mdl
128] White must be close to winning with his mobile army of coordinated
attackers, spare pawn and a safe king.} (28. Neg5 Nd8 29. b4 Rd5 30. b5 $18)
28... Rb8 (28... Rc8 29. Qc4 Bh6 30. Qa6 Rdd8 31. Qb7 Ne7 32. b4 axb4 33. Qxb4
$18) 29. Qc4 $1 (29. Qh7 Ne7 30. Ng5 Rdd8 (30... Rxb2 31. Ne8 Kxe8 32. Qxg7) (
30... Rd4 31. Qh1 Nf5 32. Qc1 Bxf6 33. exf6 $18) 31. g4 Rd4 32. Qh4 Nc6 33.
Ngh7+ Ke7 34. Nh5+ $18) 29... Rc8 30. Ng5 Bxf6 (30... Bh6 31. Nxe6+ fxe6 32.
Qxe6 Rdd8 33. Qg8+ Ke7 34. Nd5+ Rxd5 35. Qxd5 $18) 31. exf6 {Aronian has just
one task to complete. Any approach of the white queen to the black king will
finish the game.} Rd4 (31... Rd5 32. Qh4 Ke8 33. f4 $18) 32. Qa6 Rc7 (32...
Rdd8 33. Qb7 Ne5 34. Nxe6+ $18) 33. Qb6 Rdd7 34. Nh7+ Kg8 (34... Ke8 35. Qc5
Ne7 36. Qa3 $18) 35. Qe3 $1 {The final touch is charming, as the queen alone
can finish the job so efficiently done by the whole white army.} Kxh7 36. g4
Nd4 37. Qh3+ Kg8 38. Qh6 1-0

[Event "USA-ch"]
[Site "USA"]
[Date "1989.??.??"]
[Round "4"]
[White "Benjamin, Joel"]
[Black "Browne, Walter Shawn"]
[Result "1-0"]
[WhiteElo "2530"]
[BlackElo "2555"]
[Annotator "Ftacnik,L"]
[PlyCount "70"]
[EventDate "1989.11.??"]
[EventType "tourn"]
[EventRounds "15"]
[EventCountry "USA"]
[EventCategory "12"]
[SourceTitle "CBM 019"]
[Source "ChessBase"]
[SourceDate "1990.12.01"]
[SourceVersion "1"]
[SourceVersionDate "1990.12.01"]
[SourceQuality "1"]

1. d4 Nf6 2. Nf3 e6 3. g3 d5 4. Bg2 Be7 5. O-O O-O 6. c4 dxc4 7. Na3 Bxa3 8.
bxa3 Nc6 9. Bb2 Rb8 10. Qc2 b5 11. Rad1 Ne7 {N} (11... Bb7 $2 12. Ng5 $1 h6 (
12... g6 13. e4 Nd7 14. f4 $16) 13. d5 Nb4 $8 14. axb4 hxg5 15. dxe6 Qe7 16.
exf7+ Rxf7 17. Bxb7 Rxb7 18. Qg6 $1 $16 {Glek-Klovans/Tashkent/1987/}) 12. e4
Bb7 13. Rfe1 Bxe4 $6 (13... Ng6 $13) 14. Rxe4 Nxe4 15. Qxe4 Nd5 16. h4 h6 17.
Ne5 $14 Qd6 18. Re1 Rbd8 19. Qg4 f5 $6 (19... c3 $1 $14) 20. Qe2 Rf6 21. h5 c5
$2 (21... c3 22. Bc1 c5) 22. Bxd5 $1 cxd4 (22... exd5 23. dxc5 Qxc5 24. Nd7 $1
$18) (22... Qxd5 23. Ng6 Rxg6 24. hxg6 cxd4 25. Bxd4 $1 Qxd4 26. Qxe6+ Kh8 27.
Qe8+ $18) 23. Nc6 Re8 24. Bxd4 Qxd5 25. Bxf6 gxf6 26. Nb4 Qc5 27. Qd2 Kg7 28.
Qd7+ Re7 29. Qd8 e5 30. Rd1 (30. Na6 Qxa3 31. Re3 Qc1+ 32. Kg2 Kf7 33. Nc7 $18
{Seirawan}) 30... Qc7 31. Qd5 Qb6 32. Qf3 Qe6 33. Nc2 f4 (33... Rd7 34. Rxd7+
Qxd7 35. Ne3 $18) 34. gxf4 e4 35. Qg2+ Kh8 $138 {Ftacnik,L} (35... Kh8 36. Qg6
$18) 1-0

[Event "FRA-NED"]
[Site "Cannes"]
[Date "1990.??.??"]
[Round "3"]
[White "Sosonko, Gennadi"]
[Black "Miralles, Gilles"]
[Result "1-0"]
[WhiteElo "2525"]
[BlackElo "2460"]
[Annotator "Ftacnik,L"]
[PlyCount "69"]
[EventDate "1990.02.??"]
[EventType "schev"]
[EventRounds "10"]
[EventCountry "FRA"]
[SourceTitle "CBM 018"]
[Source "ChessBase"]
[SourceDate "1990.10.01"]
[SourceVersion "1"]
[SourceVersionDate "1990.10.01"]
[SourceQuality "1"]

1. d4 Nf6 2. c4 e6 3. g3 d5 4. Bg2 Be7 5. Nf3 O-O 6. O-O dxc4 7. Qc2 a6 8. Qxc4
b5 9. Qc2 Bb7 10. Bf4 Nc6 11. Nc3 Nb4 12. Qc1 Rc8 13. a3 Nbd5 14. b4 Nxc3 {N} (
14... a5 15. Nxb5 axb4 16. axb4 Bxb4 17. Be5 c6 $10 {Chiburdanidze,M-Geller,E/
Sochi-A/1989/ ->CBM 16}) 15. Qxc3 a5 (15... Nd5 16. Qb2 a5 17. bxa5 {x b5}) 16.
bxa5 c5 17. dxc5 Rxc5 (17... Bxc5 18. Qd2 Nd5 19. Be5 $14) 18. Qd2 Qa8 (18...
Nd5 19. Be5 Qa8 20. Bd4 $14) 19. Be3 Rc4 (19... Ne4 20. Qd7 Bf6 21. Bxc5 Nxc5
22. Qc7 Bxa1 23. Rxa1 (23. Qxc5 Bf6 24. Qxb5 $14) 23... Rc8 24. Qb6 $16) (19...
Rd8 20. Qb2 Rcd5 21. Bb6 $16) 20. Qb2 $1 Bd5 $6 (20... Qxa5 21. Ne5 Rc7 22.
Bxb7 Rxb7 23. Nc6 Qc7 24. Rfc1 $36) (20... Nd5 21. Bd4 f6 22. e4 $36) 21. Qxb5
Rb8 22. Bb6 $16 Rc3 (22... Rc5 23. Qd3) 23. Rfb1 Ne4 (23... Rxa3 24. Rxa3 Bxa3
25. Ne1) (23... Bc4 24. Qe5 Nd5 25. Bd4 Rxb1+ 26. Rxb1 $18) 24. Ne5 $1 Bc5 (
24... Bf6 25. Nd7) 25. Qd7 Rb7 (25... f6 26. Bc7 $18) 26. Bxc5 $1 Nxc5 (26...
Rxd7 27. Nxd7 Nxc5 28. Bxd5 exd5 29. Rb8+ Qxb8 30. Nxb8 $18) 27. Bxd5 Nxd7 (
27... exd5 28. Qxd5 Rxb1+ 29. Rxb1 Qxd5 30. Rb8+) 28. Bxb7 Qxa5 (28... Qd8 29.
Nxd7 Qxd7 30. a6 Qd4 (30... Qa4 31. Bc6 Qxc6 32. Rb8+ Qc8 33. a7 $18) 31. Rd1
Qb6 32. a7 $18) 29. Nxd7 f6 (29... Qc7 30. Ba6 $18) 30. Nb6 h5 (30... Rxa3 31.
Rxa3 Qxa3 32. Bf3 $18) 31. a4 Qe5 32. Bf3 h4 33. a5 Rb3 34. a6 $1 Rxb6 (34...
Rxb1+ 35. Rxb1 Qa5 36. Bb7) 35. a7 {Ftacnik,L} 1-0

[Event "Luzern"]
[Site "Luzern"]
[Date "1989.??.??"]
[Round "?"]
[White "Miralles, Gilles"]
[Black "King, Daniel J"]
[Result "0-1"]
[WhiteElo "2445"]
[BlackElo "2495"]
[Annotator "Ftacnik,L"]
[PlyCount "64"]
[EventDate "1989.10.??"]
[EventType "tourn"]
[EventRounds "11"]
[EventCountry "SUI"]
[EventCategory "8"]
[SourceTitle "CBM 016"]
[Source "ChessBase"]
[SourceDate "1990.06.01"]
[SourceVersion "1"]
[SourceVersionDate "1990.06.01"]
[SourceQuality "1"]

1. c4 e6 2. g3 d5 3. Bg2 Nf6 4. Nf3 Be7 5. d4 O-O 6. O-O dxc4 7. Na3 Bxa3 8.
bxa3 Bd7 9. Ne5 Bc6 10. Nxc6 Nxc6 11. Bb2 Qd7 12. e4 $6 {N} (12. Qa4 b5 13.
Qxb5 Rab8 14. Qxc4 Rxb2 15. Bxc6 Qd6 16. Bf3 Qxa3 17. Qxc7 Rxa2 18. Qc1 $14 {
Glek,I-Timoshchenko,G/Frunze/1988/1/4-1/4/32/}) 12... Rad8 13. d5 exd5 14. Bxf6
gxf6 15. exd5 Ne5 16. f4 (16. Qd4 $5) 16... Nd3 17. Rb1 b6 18. Qc2 Qe7 19. a4
Rfe8 20. h4 Qe3+ 21. Kh2 Qd4 $17 22. Qd1 Re3 23. Qg4+ Kf8 24. Qf5 c3 25. Qxh7
c2 26. Rb3 Ke7 27. h5 Rxd5 28. Bxd5 Qxd5 29. Kh3 Qe6+ 30. Kh4 Re2 31. g4 Rh2+
32. Kg3 Qe2 {Ftacnik} 0-1

[Event "URS-sf Ukraine-ch"]
[Site "Kherson"]
[Date "1989.??.??"]
[Round "?"]
[White "Palatnik, Semon"]
[Black "Kruppa, Yuri"]
[Result "1-0"]
[WhiteElo "2460"]
[BlackElo "2440"]
[Annotator "Ftacnik,L"]
[PlyCount "77"]
[EventDate "1989.11.??"]
[EventType "tourn"]
[EventRounds "15"]
[EventCountry "URS"]
[EventCategory "7"]
[SourceTitle "CBM 016"]
[Source "ChessBase"]
[SourceDate "1990.06.01"]
[SourceVersion "1"]
[SourceVersionDate "1990.06.01"]
[SourceQuality "1"]

1. c4 e6 2. g3 d5 3. Bg2 Nf6 4. Nf3 Be7 5. O-O O-O 6. d4 dxc4 7. Ne5 Nc6 8.
Nxc6 bxc6 9. Na3 Bxa3 10. bxa3 Ba6 11. Bxc6 Rb8 12. Qa4 Rb6 13. Bg2 Nd5 {N} (
13... Bb5 14. Qc2 Ra6 15. Bb2 Nd5 16. Rab1 c6 17. Rfe1 Qa5 {Liptay,L-Pigusov,E/
Rotterdam tt/1988/1/4-1/4/22/ -> CBM 09}) 14. Qc2 f5 $6 15. e4 $1 fxe4 16. Bxe4
Nf6 17. Bg2 Nd5 18. Re1 Qf6 19. Re5 h6 20. f4 Ne7 (20... c3 $5) 21. Bd2 Nf5 (
21... Nc6 $5 22. Be3 (22. Bc3 $5 Nxe5 23. d5 $146) 22... Nxe5 23. dxe5 Qe7 24.
Qa4 Bb5 25. Qa5 Bc6) 22. Bc3 Bb7 23. Bxb7 Rxb7 24. Rae1 Rb6 25. Qe2 Ne7 26. Bb4
$18 Nc6 27. Bxf8 Nxe5 28. Bxg7 Nf3+ 29. Qxf3 Kxg7 30. Qc3 c5 31. Re5 Rb1+ 32.
Kg2 cxd4 33. Qxd4 Rc1 34. Qd2 Ra1 35. Qc2 c3 36. Qxc3 Rxa2+ 37. Kh3 Kh7 38. Qb3
Rd2 39. Qxe6 {Ftacnik} 1-0

[Event "Balatonbereny op"]
[Site "Balatonbereny"]
[Date "1985.09.25"]
[Round "1"]
[White "Bany, Jerzy"]
[Black "Cvetkovic, Srdjan"]
[Result "1-0"]
[WhiteElo "2435"]
[BlackElo "2380"]
[Annotator "Ftacnik,L"]
[PlyCount "61"]
[EventDate "1985.09.25"]
[EventType "swiss"]
[EventRounds "11"]
[EventCountry "HUN"]
[SourceTitle "MCL"]
[Source "ChessBase"]
[SourceDate "1999.07.01"]
[SourceVersion "1"]
[SourceVersionDate "1999.07.01"]
[SourceQuality "1"]

1. Nf3 d5 2. d4 Nf6 3. c4 e6 4. g3 Be7 5. Bg2 O-O 6. O-O dxc4 7. Qc2 a6 8. Nbd2
b5 9. Ng5 c6 10. b3 h6 11. Ngf3 cxb3 12. Nxb3 a5 13. Rd1 Qb6 14. Ne5 Bb7 15.
Nc5 Rc8 16. Bh3 Bxc5 17. dxc5 Qc7 18. Rd6 Na6 19. Bb2 Nb4 20. Qb3 Nbd5 21. Nxf7
Kxf7 22. e4 Re8 23. exd5 cxd5 24. Qxb5 e5 25. Re1 d4 26. Qb3+ Kf8 27. c6 $1 Bc8
(27... Bxc6 28. Rxc6 Qxc6 29. Bg2 e4 30. Ba3+ Re7 31. Bxe4 Nxe4 32. Qf3+ Ke8
33. Bxe7 Kxe7 34. Rxe4+ $18 Kd7) 28. Ba3 Re7 29. Bxc8 Rxc8 30. Rxe5 Rb8 31.
Rxe7 1-0

[Event "Belgrade Investbank"]
[Site "Belgrade"]
[Date "1989.11.??"]
[Round "7"]
[White "Hjartarson, Johann"]
[Black "Short, Nigel D"]
[Result "0-1"]
[WhiteElo "2555"]
[BlackElo "2660"]
[Annotator "Ftacnik,L"]
[PlyCount "78"]
[EventDate "1989.11.??"]
[EventType "tourn"]
[EventRounds "11"]
[EventCountry "YUG"]
[EventCategory "15"]
[SourceTitle "CBM 016"]
[Source "ChessBase"]
[SourceDate "1990.06.01"]
[SourceVersion "1"]
[SourceVersionDate "1990.06.01"]
[SourceQuality "1"]

1. d4 e6 2. Nf3 Nf6 3. c4 d5 4. g3 Be7 5. Bg2 O-O 6. O-O dxc4 7. Qc2 a6 8. Qxc4
b5 9. Qc2 Bb7 10. Bd2 Nc6 11. e3 Ra7 12. e4 $6 {N} (12. Rc1 Qa8 13. Ne1 Nb8 14.
Ba5 Rc8 15. Nd2 Bxg2 16. Nxg2 c5 17. Bb6 Rd7 18. Bxc5 a5 19. a4 b4 20. Nf4 Rdc7
21. Nd3 $14 {Timman,J-Short,N/Hilversum (m/1)/1989/1-0/57/}) 12... Qa8 13. Re1
Nb4 14. Qb3 a5 15. e5 Ne4 16. Bxb4 axb4 $1 17. Qd3 c5 $1 18. Qxb5 Rd8 19. Qe2
cxd4 20. Nfd2 d3 21. Qf1 Nc5 $17 22. a3 h5 23. Rc1 Bxg2 24. Qxg2 Qb8 25. Re1
Rd5 26. f4 Ra6 27. Kh1 Rd8 28. Qf3 g6 29. Ra2 Qc7 30. Rc1 Qd7 31. Kg2 Qd4 32.
b3 bxa3 33. Rc4 Qd5 34. Rxa3 Rxa3 35. Nxa3 Nxb3 36. Nxb3 d2 37. Nxd2 Qxd2+ 38.
Kh3 Qa2 39. Ra4 Rd2 {Ftacnik} 0-1

[Event "Stara Zagora zt-A"]
[Site "Stara Zagora"]
[Date "1990.??.??"]
[Round "8"]
[White "Ninov, Kiril"]
[Black "Lechtynsky, Jiri"]
[Result "0-1"]
[WhiteElo "2465"]
[BlackElo "2430"]
[Annotator "Ftacnik,L"]
[PlyCount "85"]
[EventDate "1990.02.??"]
[EventType "tourn"]
[EventRounds "13"]
[EventCountry "BUL"]
[EventCategory "9"]
[SourceTitle "CBM 017"]
[Source "ChessBase"]
[SourceDate "1990.08.01"]
[SourceVersion "1"]
[SourceVersionDate "1990.08.01"]
[SourceQuality "1"]

1. c4 e6 2. Nf3 d5 3. g3 Nf6 4. Bg2 Be7 5. O-O O-O 6. d4 dxc4 7. Qc2 a6 8. Qxc4
b5 9. Qc2 Bb7 10. Bf4 Nc6 11. Nc3 (11. Rd1 Nb4 12. Qc1 Rc8 13. Nc3 Nbd5 14. Be3
) 11... Nxd4 $6 (11... Nb4 12. Qc1 Rc8) 12. Nxd4 Bxg2 13. Rfd1 $1 (13. Nxe6
fxe6 14. Kxg2 c5 $13) 13... Bb7 (13... Bd5 14. e4 b4 15. exd5 bxc3 16. dxe6 (
16. Nc6 Qe8 17. Nxe7+ Qxe7 18. d6 Qd7 19. dxc7 Nd5 20. Qxc3 $1 $16) 16... cxb2
17. Qxb2 $16) 14. Nxe6 Qe8 15. Nxf8 Qc6 16. f3 (16. e4 b4 17. Qa4 (17. Nd7 $2
Nxd7 18. Qd3 bxc3 19. Qxd7 Qxe4 $19) 17... bxc3 18. Qxc6 Bxc6 19. e5 cxb2 20.
Rab1 Nd5 21. Nd7 Nc3) 16... b4 17. Rac1 $6 (17. Nd7 $1 Nxd7 18. Qd3 bxc3 (18...
Nc5 19. Nd5 $1) 19. Qxd7 cxb2 20. Rab1 Bf6 21. Qxc6 Bxc6 22. Rd2 $14) 17...
bxc3 18. Qxc3 Qxc3 19. Rxc3 Kxf8 20. Rxc7 Bd5 21. b3 a5 22. e4 Be6 23. Rb7 (23.
Bd6 $2 Bxd6 24. Rxd6 Ne8) 23... a4 24. Bd6 Bxd6 25. Rxd6 axb3 26. axb3 g5 $36
27. Rd2 Ra3 28. Rb2 g4 29. Kf2 Ra5 30. Rb4 Rh5 31. Ke3 gxf3 32. Kxf3 Ng4 33. h4
Rc5 34. Rb6 Ne5+ 35. Kg2 Rc3 36. b4 Nc4 37. Rb8+ Kg7 38. Rf2 $2 (38. Re2 $5)
38... Ne3+ 39. Kh2 Ng4+ 40. Kg2 Nxf2 41. Kxf2 Kf6 42. b5 Ke5 43. b6 {Ftacnik,L}
0-1

[Event "Stara Zagora zt-B"]
[Site "Stara Zagora"]
[Date "1990.??.??"]
[Round "3"]
[White "Inkiov, Ventzislav"]
[Black "Boensch, Uwe"]
[Result "1-0"]
[WhiteElo "2510"]
[BlackElo "2530"]
[Annotator "Ftacnik,L"]
[PlyCount "91"]
[EventDate "1990.02.??"]
[EventType "tourn"]
[EventRounds "13"]
[EventCountry "BUL"]
[EventCategory "10"]
[SourceTitle "CBM 017"]
[Source "ChessBase"]
[SourceDate "1990.08.01"]
[SourceVersion "1"]
[SourceVersionDate "1990.08.01"]
[SourceQuality "1"]

1. c4 e6 2. Nf3 Nf6 3. g3 d5 4. Bg2 Be7 5. O-O O-O 6. d4 dxc4 7. Qc2 a6 8. Qxc4
b5 9. Qc2 Bb7 10. Bf4 Nd5 11. Nc3 Nxf4 12. gxf4 Ra7 $6 {N} (12... Nd7 13. Rfd1
Qc8) 13. Rfd1 Bd6 $6 (13... Qc8 {/\ c5}) 14. Ng5 $1 g6 15. Bxb7 Rxb7 16. Qe4 c6
17. Qf3 Be7 18. Nge4 b4 19. Nc5 Rb6 $6 (19... Bxc5 20. dxc5 Rd7 21. Rxd7 Nxd7
22. Ne4 $16) 20. N3a4 Rb5 21. Rac1 Qc7 22. b3 a5 23. e3 Rc8 24. Rc2 Qd8 25.
Rdc1 Bf8 26. Nd3 Bd6 27. Nac5 Bxc5 28. Rxc5 Rxc5 29. Rxc5 Nd7 30. Rxc6 Nf6 31.
Ne5 Nd5 32. Rc4 a4 33. Kg2 a3 34. e4 Rxc4 35. bxc4 Nc3 36. d5 exd5 37. cxd5 Qf6
38. Nc6 Nxa2 39. e5 Qh4 40. d6 Nc3 41. d7 a2 42. Qg3 Qxg3+ 43. hxg3 a1=Q 44.
d8=Q+ Kg7 45. Qf6+ Kg8 46. e6 {Ftacnik,L} 1-0